[Event "GER-ch U14"]
[Site "Willingen"]
[Date "2023.05.31"]
[Round "5"]
[White "Blodig, Vincent"]
[Black "Burkart, Lloyd Shang"]
[Result "1/2-1/2"]
[WhiteElo "1580"]
[BlackElo "1956"]
[PlyCount "70"]
[EventDate "2023.05.27"]
[EventType "swiss"]
[EventRounds "9"]
[EventCountry "GER"]
[SourceTitle "CBM 214 Extra"]
[Source "ChessBase"]
[SourceDate "2023.07.31"]
[SourceVersion "1"]
[SourceVersionDate "2023.07.31"]
[SourceQuality "1"]

1. e4 c5 2. Nc3 d6 3. f4 g6 4. Nf3 Bg7 5. g3 Nc6 6. Bg2 Rb8 7. 0-0 b5 8. d3 b4 9. Ne2 e6 10. h3 Nge7 11. g4 f5 12. Ng3 0-0 13. Ng5 h6 14. Nf3 Nd4 15. Nxd4 Bxd4+ 16. Kh1 Kh7 17. h4 Ng8 18. g5 h5 19. e5 Bb7 20. Nxh5 gxh5 21. Qxh5+ Kg7 22. Bxb7 Rxb7 23. Kg2 Qe8 24. Qf3 Rb6 25. a3 b3 26. c3 Bxc3 27. bxc3 b2 28. Rb1 bxc1Q 29. Rfxc1 Qc6 30. Qxc6 Rxc6 31. Rb7+ Rf7 32. Rcb1 dxe5 33. h5 Rcc7 34. Rxc7 Rxc7 35. fxe5 Ne7 1/2-1/2

[Event "GER-chT U14"]
[Site "Kelheim"]
[Date "2022.12.28"]
[Round "3"]
[White "Moldovan, Tatiana"]
[Black "Blodig, Vincent"]
[Result "0-1"]
[WhiteElo "1435"]
[BlackElo "1541"]
[PlyCount "122"]
[EventDate "2022.12.26"]
[EventType "team-swiss"]
[EventRounds "7"]
[EventCountry "GER"]
[SourceTitle "CBM 212 Extra"]
[Source "ChessBase"]
[SourceDate "2023.03.31"]
[SourceVersion "1"]
[SourceVersionDate "2023.03.31"]
[SourceQuality "1"]
[WhiteTeam "Hohentuebingen"]
[BlackTeam "Augsburg SF"]
[WhiteTeamCountry "GER"]
[BlackTeamCountry "GER"]

1. e4 c5 2. Nc3 e6 3. Nf3 Nc6 4. Bb5 Nd4 5. 0-0 Nxb5 6. Nxb5 a6 7. Nc3 Be7 8. d4 cxd4 9. Qxd4 d6 10. Rd1 e5 11. Qd3 f5 12. Nd5 fxe4 13. Qxe4 Nf6 14. Nxf6+ gxf6 15. Nh4 Be6 16. c4 Qc8 17. b3 f5 18. Qe2 0-0 19. Nf3 Qc6 20. Nd4 Qc8 21. Nxe6 Qxe6 22. Ba3 Rab8 23. Rd5 b5 24. Rad1 b4 25. Bb2 Rfd8 26. c5 Rb5 27. Qc4 Kf7 28. cxd6 Rxd5 29. Rxd5 Rxd6 30. Rxd6 Qxc4 31. bxc4 Bxd6 32. Kf1 Ke6 33. Ke2 e4 34. h3 Be5 35. Bc1 f4 36. Kd2 a5 37. Kc2 Bc7 38. Bb2 Be5 39. Bc1 a4 40. Bd2 Bd6 41. g3 f3 42. Be3 Kd7 43. h4 h5 44. Kd2 Be5 45. Bc5 b3 46. axb3 axb3 47. Ba3 Ke6 48. Bc5 Bd6 49. Bd4 Bb4+ 50. Kc1 Ba3+ 51. Kd2 Kd6 52. Ke3 Bc5 53. Bxc5+ Kxc5 54. Kxe4 b2 55. Kxf3 b1Q 56. Kf4 Qg6 57. Kf3 Qg4+ 58. Kg2 Qxc4 59. Kf3 Kd5 60. Kg2 Qc2 61. Kf3 Qe4# 0-1